| 000 | 00575nam a22001937a 4500 | ||
|---|---|---|---|
| 005 | 20230403080059.0 | ||
| 008 | 230403b |||||||| |||| 00| 0 eng d | ||
| 020 | _a978-0-07-282691-3 | ||
| 082 | _a550 M787 2008 | ||
| 100 |
_aMontgomery, Carla W. _eauthor |
||
| 245 |
_aEnvironmental geology / _cCarla W. Montgomery |
||
| 250 | _a8th ed. | ||
| 260 |
_aBoston: _bThe McGraw-Hill/Education, _cc2008 |
||
| 300 |
_axviii, 556p.: _bcol. ill. |
||
| 504 | _aIncludes bibliographical references and index | ||
| 541 | _e1915 | ||
| 650 | _aGeology | ||
| 650 | _aEnvironmental science | ||
| 999 |
_c2092 _d2092 |
||